| 000 | 00444nam a2200169 a 4500 | ||
|---|---|---|---|
| 001 | 544 | ||
| 003 | CDMR | ||
| 005 | 20130116135155.0 | ||
| 008 | 130130s1969||||||||||||||||||||||||||||d | ||
| 040 |
_aCDMR _bcat _cCDMR |
||
| 100 | 1 |
_aGarcía Jiménez, Jesús _9393 |
|
| 245 | 1 | 0 |
_aComunicación, imagen y sociedad _cJesús García Jimenez |
| 260 |
_aMadrid _c1969 _bTVE |
||
| 300 |
_a136 p ; _c19 cm |
||
| 490 | 0 |
_aColección Imagen _v3 _9394 |
|
| 942 | _cMON | ||
| 999 |
_c544 _d544 |
||